| 000 | 00779cam a2200241 a 4500 | ||
|---|---|---|---|
| 001 | 4452820 | ||
| 005 | 20250822134135.0 | ||
| 008 | 950714s1996 nyua bd 001 0 eng | ||
| 020 |
_a0787604895 _qhard alk. paper |
||
| 020 |
_a0787606529 _qsoft |
||
| 020 |
_a9780787604899 _q(hard alk. paper) |
||
| 020 |
_a9780787606527 _q(soft) |
||
| 050 | 0 | 0 |
_aBL477 _b.L45 1996 |
| 082 | 0 | 0 |
_a291.2/15/03 _220 |
| 100 | 1 | _aLewis, James R. | |
| 245 | 1 | 0 |
_aAngels, A to Z / _cJames R. Lewis and Evelyn Dorothy Oliver ; Kelle S. Sisung, editor ; foreword by Andy Lakey. |
| 260 |
_aNew York : _bGale Research, _cc1996. |
||
| 300 |
_axxiv, 485 p. : _bill. ; _c25 cm. |
||
| 650 | 0 |
_aAngels _xDictionaries. |
|
| 700 | 1 | _aOliver, Evelyn Dorothy. | |
| 700 | 1 | _aSisung, Kelle S. | |
| 942 |
_2lcc _cBK _n0 |
||
| 999 |
_c7337 _d7337 |
||